000 00506nam a2200181Ia 4500
005 20240823060059.0
008 240823s9999||||xx |||||||||||||| ||und||
041 _aENGLISH
082 _A629.134352 Q6
100 _aAircraft Technical Institute
245 0 _aPiston Engine : Aviation Maintenance Technician Certification Series (Module 16)
250 _a1st
260 _c2016
_bAircraft Technical Book Co
500 _aTRANSFERED
650 _aPistion Engine
_bAME
942 _cBK
999 _c230287
_d230287